[Event "SVK-ch U12"]
[Site "Liptovsky Mikulas"]
[Date "2007.04.22"]
[Round "1"]
[White "Martinka, Tomas"]
[Black "Knaperek, Stefan"]
[Result "0-1"]
[WhiteElo "1363"]
[BlackElo "1538"]
[PlyCount "60"]
[EventDate "2007.04.22"]
[EventType "swiss"]
[EventRounds "9"]
[EventCountry "SVK"]
[SourceTitle "EXT 2008"]
[Source "ChessBase"]
[SourceDate "2007.11.25"]
[SourceVersion "1"]
[SourceVersionDate "2007.11.25"]
[SourceQuality "1"]

1. f4 d5 2. Nf3 c5 3. b3 Bg4 4. e3 Nc6 5. Be2 Nf6 6. h3 Bxf3 7. Bxf3 e6 8. 0-0 Bd6 9. Bb2 0-0 10. Bh5 Ne4 11. Qg4 Nf6 12. Qe2 Nb4 13. Bxf6 Qxf6 14. Na3 e5 15. c3 Nc6 16. fxe5 Qxe5 17. Qf3 Qe6 18. Nb5 Ne5 19. Qe2 f5 20. d4 Nd7 21. Qd3 Nf6 22. Rxf5 g6 23. Bxg6 hxg6 24. Rg5 Ne4 25. Rg4 Rf6 26. Rf1 Rxf1+ 27. Qxf1 Rf8 28. Qe1 cxd4 29. exd4 Qf6 30. Rh4 Bg3 0-1

[Event "Huty op"]
[Site "Huty"]
[Date "2005.06.26"]
[Round "7"]
[White "Strnad, Ondrej"]
[Black "Knaperek, Stefan"]
[Result "1/2-1/2"]
[WhiteElo "1350"]
[BlackElo "1493"]
[PlyCount "44"]
[EventDate "2005.06.20"]
[EventType "swiss"]
[EventRounds "7"]
[EventCountry "SVK"]
[SourceTitle "EXT 2009"]
[Source "ChessBase"]
[SourceDate "2008.11.26"]
[SourceVersion "1"]
[SourceVersionDate "2008.11.26"]
[SourceQuality "1"]

1. e4 e6 2. d4 d5 3. exd5 exd5 4. Nc3 h6 5. Nf3 Bg4 6. Be2 Nf6 7. Bf4 Bb4 8. 0-0 0-0 9. Re1 c5 10. Qd3 Nc6 11. dxc5 Bxc5 12. Ne5 Bxe2 13. Rxe2 Re8 14. Rae1 d4 15. Nxc6 bxc6 16. Ne4 Nxe4 17. Rxe4 Rxe4 18. Qxe4 Qd7 19. Qe5 Bb6 20. c3 dxc3 21. bxc3 Rd8 22. g3 Kf8 1/2-1/2

[Event "Huty op"]
[Site "Huty"]
[Date "2005.06.25"]
[Round "6"]
[White "Knaperek, Stefan"]
[Black "Kanos, Peter"]
[Result "1-0"]
[WhiteElo "1493"]
[BlackElo "1378"]
[PlyCount "63"]
[EventDate "2005.06.20"]
[EventType "swiss"]
[EventRounds "7"]
[EventCountry "SVK"]
[SourceTitle "EXT 2009"]
[Source "ChessBase"]
[SourceDate "2008.11.26"]
[SourceVersion "1"]
[SourceVersionDate "2008.11.26"]
[SourceQuality "1"]

1. f4 d5 2. e3 Nc6 3. d4 f5 4. Nf3 Nf6 5. Bd3 e6 6. 0-0 Bd6 7. Ne5 Bxe5 8. fxe5 Ne4 9. Nd2 Nxd2 10. Bxd2 0-0 11. Qh5 g6 12. Qh6 Qe7 13. Be1 Qg7 14. Qh3 Bd7 15. Bh4 Qh6 16. Rf3 f4 17. c3 g5 18. Bf2 Qxh3 19. Rxh3 Rf7 20. exf4 gxf4 21. Rf1 Raf8 22. Bh4 a6 23. Bf6 Ne7 24. Rxf4 Ng6 25. Bxg6 Rxf6 26. Rxf6 Rxf6 27. exf6 hxg6 28. Rf3 Be8 29. g4 g5 30. Kg2 Kf7 31. Kg3 Bc6 32. h4 1-0

[Event "Huty op"]
[Site "Huty"]
[Date "2005.06.24"]
[Round "5"]
[White "Baksa, Milan"]
[Black "Knaperek, Stefan"]
[Result "1-0"]
[WhiteElo "1350"]
[BlackElo "1493"]
[PlyCount "61"]
[EventDate "2005.06.20"]
[EventType "swiss"]
[EventRounds "7"]
[EventCountry "SVK"]
[SourceTitle "EXT 2009"]
[Source "ChessBase"]
[SourceDate "2008.11.26"]
[SourceVersion "1"]
[SourceVersionDate "2008.11.26"]
[SourceQuality "1"]

1. e4 e6 2. d4 d5 3. Nc3 Nf6 4. e5 Nfd7 5. Nf3 c5 6. Be3 Qb6 7. b3 Nc6 8. Bb5 cxd4 9. Nxd4 Bb4 10. Nxc6 Bxc3+ 11. Bd2 Bxa1 12. Nb4 Qxb5 13. a4 Qc5 14. Qxa1 a5 15. Nd3 Qxc2 16. Nc1 Qe4+ 17. Ne2 Nxe5 18. Kd1 Bd7 19. f3 Qf5 20. Ng3 Qf6 21. Nh5 Qg6 22. Qxe5 Qxg2 23. Nxg7+ Kd8 24. Nxe6+ fxe6 25. Qxh8+ Be8 26. Qf6+ Kc7 27. Bf4+ Kb6 28. Be3+ Ka6 29. Re1 Bg6 30. Qxe6+ b6 31. Qxb6# 1-0

[Event "Huty op"]
[Site "Huty"]
[Date "2005.06.20"]
[Round "1"]
[White "Muron, Vlastimil"]
[Black "Knaperek, Stefan"]
[Result "0-1"]
[WhiteElo "1350"]
[BlackElo "1493"]
[PlyCount "99"]
[EventDate "2005.06.20"]
[EventType "swiss"]
[EventRounds "7"]
[EventCountry "SVK"]
[SourceTitle "EXT 2009"]
[Source "ChessBase"]
[SourceDate "2008.11.26"]
[SourceVersion "1"]
[SourceVersionDate "2008.11.26"]
[SourceQuality "1"]

1. e4 e6 2. Nf3 d5 3. Nc3 Nf6 4. d3 dxe4 5. dxe4 Qxd1+ 6. Nxd1 Nxe4 7. Nc3 Nxc3 8. bxc3 Bc5 9. Bc4 0-0 10. 0-0 Rd8 11. Bg5 Rd6 12. Bf4 Rd8 13. Bxc7 Rd7 14. Bxb8 Rxb8 15. Ne5 Rd2 16. Nf3 Rxc2 17. Bb5 b6 18. Rad1 Bb7 19. Rd2 Rxc3 20. Rfd1 Be7 21. Rd7 Bf6 22. g4 Bxf3 23. Rf1 Rc5 24. a4 Ra8 25. h3 a6 26. Bd3 Rd8 27. Rxd8+ Bxd8 28. Bxa6 g6 29. Kh2 Bh4 30. Bd3 Bc6 31. Re1 Bxf2 32. Rf1 Bh4 33. Be2 Rc2 34. Kg1 Rxe2 35. Rc1 Re1+ 36. Rxe1 Bxe1 37. Kf1 Bh4 38. Ke2 Bxa4 39. Kd3 b5 40. Kc3 Be1+ 41. Kb2 b4 42. Kb1 Bc3 43. Ka2 b3+ 44. Kb1 Bc6 45. h4 Be4+ 46. Kc1 b2+ 47. Kd1 b1Q+ 48. Ke2 Qd3+ 49. Kf2 Bd4+ 50. Ke1 0-1